Anagram Challenge #6 - Statistics

General Stats
  • This quiz has been taken 191 times
  • The average score is 15 of 30
Answer Stats
Hint Answer % Correct
Potato bag Sack
82%
Give a job to Hire
79%
Church keyboardist Organist
79%
Wine barrel Cask
77%
Place to sleep Bedroom
75%
Effect's partner Cause
73%
Beneficiary Heir
72%
Béchamel, eg. Sauce
71%
Spanish lady Senora
68%
Cause of yawns Boredom
66%
Alien from the 4th rock Martian
60%
Think logically Reason
60%
Cappucino topper Froth
53%
Using the oven Roasting
53%
Firth of Scotland Forth
51%
Düsseldorf dots Umlaut
47%
Practices Zen Meditates
42%
Guessed Estimated
41%
God, according to Genesis Creator
40%
Nuclear apparatus Reactor
40%
Joint, reciprocal Mutual
38%
Shimmers, shines Glistens
36%
Manly, swaggering Macho
35%
Starbucks choice Mocha
35%
Circle dividers Diameters
34%
Small monkey Tamarin
28%
Wrestling uniforms Singlets
21%
Most swoon-worthy Dreamiest
18%
Maximum, utmost Ultimate
18%
Maim, dismember Mutilate
16%
No matching quizzes found
Score Distribution
Percent of People with Each Score
Percentile by Number Answered
Your Score History
You have not taken this quiz